Punjab Painting : (Record no. 36505)

000 -LEADER
fixed length control field 00427nam a22001571a 4500
020 ## - INTERNATIONAL STANDARD BOOK NUMBER
International Standard Book Number 9780391025608
082 ## - DEWEY DECIMAL CLASSIFICATION NUMBER
Classification number 759.545 52
Item number SRI/P
100 ## - MAIN ENTRY--PERSONAL NAME
Personal name Srivastava R P
9 (RLIN) 98411
245 ## - TITLE STATEMENT
Title Punjab Painting :
Remainder of title study in art and culture/
Statement of responsibility, etc. by Srivastava R P
260 ## - PUBLICATION, DISTRIBUTION, ETC.
Place of publication, distribution, etc. New Delhi:
Name of publisher, distributor, etc. Abhinav,
Date of publication, distribution, etc. 1983.
300 ## - PHYSICAL DESCRIPTION
Extent 140p.
650 ## - SUBJECT ADDED ENTRY--TOPICAL TERM
Topical term or geographic name entry element Paintings Punjab
9 (RLIN) 98412
650 ## - SUBJECT ADDED ENTRY--TOPICAL TERM
Topical term or geographic name entry element Paintings
9 (RLIN) 98413
650 ## - SUBJECT ADDED ENTRY--TOPICAL TERM
Topical term or geographic name entry element Arts
9 (RLIN) 98414
942 ## - ADDED ENTRY ELEMENTS (KOHA)
Koha item type Reference
Holdings
Withdrawn status Lost status Damaged status Not for loan Permanent Location Current Location Date acquired Cost, normal purchase price Total Checkouts Full call number Barcode Date last seen Cost, replacement price Price effective from Koha item type
        Sree Sankaracharya University of Sanskrit Sree Sankaracharya University of Sanskrit 08.01.2015 400.00   R 759.545 52 SRI/P 026510 08.01.2015 0.00 08.01.2015 Reference